| 000 | 00603nam a2200193Ia 4500 | ||
|---|---|---|---|
| 008 | 220216s9999 xx 000 0 und d | ||
| 100 | _aAkhtar S. | ||
| 245 | 0 | _aRheological behaviour and extrudate morphology of thermoplastic elastomers from natural rubber and high density polyethylene | |
| 260 |
_bPlastics and Rubber: Processing and Applications _c1987 |
||
| 300 | _a18-Nov | ||
| 650 | _aHigh density polyethylene | ||
| 650 | _aNatural rubber | ||
| 650 | _aRheology | ||
| 650 | _aThermoplastic elastomer | ||
| 700 | _aDe P.P. | ||
| 700 | _aDe S.K. | ||
| 700 | _aKuriakose B. | ||
| 942 | _cBS | ||
| 999 |
_c50945 _d50945 |
||